| 000 | 00500nam a2200181Ia 4500 | ||
|---|---|---|---|
| 001 | 28296 | ||
| 003 | IN-NITTTR | ||
| 005 | 20251114233350.0 | ||
| 008 | 251113s9999||||xx |||||||||||||| ||eng|| | ||
| 040 | _beng | ||
| 040 | _cIN-NITTTR | ||
| 041 | _aeng | ||
| 082 | _a005.133 M88P | ||
| 100 | _aMughal, Khalid A. | ||
| 245 | 2 |
_aA programmers' guide to Java SCJP certification : _b A comprehensive primer / _cMughal, Khalid A., Rasmussen, Rolf W. |
|
| 700 | _a Rasmussen, Rolf W. | ||
| 942 |
_2ddc _cBK |
||
| 999 |
_c30924 _d30924 |
||